Cities and flooding : A guide to integrated urban flood risk management for the 21st century

Urban flooding poses a serious challenge to development and the lives of people, particularly the residents of the rapidly expanding towns and cities in developing countries.

Wedi'i Gadw mewn:
Manylion Llyfryddiaeth
Prif Awdur: Jha, Abhas K.
Fformat: Llyfr
Iaith:Undetermined
Cyhoeddwyd: Ha Noi The World Bank in Vietnam 2012
Pynciau:
Tagiau: Ychwanegu Tag
Dim Tagiau, Byddwch y cyntaf i dagio'r cofnod hwn!
Thư viện lưu trữ: Trung tâm Học liệu Trường Đại học Cần Thơ
LEADER 00966nam a2200217Ia 4500
001 CTU_174967
008 210402s9999 xx 000 0 und d
082 |a 363.61 
082 |b J43 
100 |a Jha, Abhas K. 
245 0 |a Cities and flooding : 
245 2 |b A guide to integrated urban flood risk management for the 21st century 
245 2 |c A summary for Vietnamese policy makers ; Abhas K. Jha, Robin Bloch, Jessica Lamond 
260 |a Ha Noi 
260 |b The World Bank in Vietnam 
260 |c 2012 
520 |a Urban flooding poses a serious challenge to development and the lives of people, particularly the residents of the rapidly expanding towns and cities in developing countries. 
650 |a Sanitation,Municipal water supply 
650 |z Developing coutries,Developing coutries,Nước đang phát triển,Nước đang phát triển 
904 |i Trọng Hiếu 
980 |a Trung tâm Học liệu Trường Đại học Cần Thơ